Knowledge and patriotism in Texas : meditations of a Texas layman /

Bibliographic Details
Main Author: Hunt, Ben B. (Ben Bridges)
Corporate Author: Texas State Historical Association
Format: Book
Language:English
Published: Austin, Tex. : Von Boeckmann-Jones Co., [1941?]
Series:In Freedom's name.
Subjects:

MARC

Tag First Indicator Second Indicator Subfields
LEADER 00000cam a2200000 a 4500
001 in00000366136
005 20190207094135.0
008 770127s1941 txu 000 0 eng d
035 |a (OCoLC)02706450 
035 |9 ABP4853AM 
040 |a TXN  |c TXN  |d IXA  |d TXA  |d UtOrBLW 
043 |a n-us-tx 
049 |a TXAM 
090 |a F385.2  |b .H857 1941 
092 |a 976.4  |b H 
100 1 |a Hunt, Ben B.  |q (Ben Bridges) 
245 1 0 |a Knowledge and patriotism in Texas :  |b meditations of a Texas layman /  |c by Ben B. Hunt. 
264 1 |a Austin, Tex. :  |b Von Boeckmann-Jones Co.,  |c [1941?] 
300 |a 15 pages ;  |c 23 cm. 
336 |a text  |b txt  |2 rdacontent 
337 |a unmediated  |b n  |2 rdamedia 
338 |a volume  |b nc  |2 rdacarrier 
490 1 |a In freedom's name 
500 |a The Cushing Library/Chapman Texas Collection copy is part of the Floyd & Louise Chapman Texas & Borderlands Collection.  |5 TXA 
500 |a Cover title. 
500 |a "A few absorbing thought and suggestions aroused by a study of the plan of the Texas State Historical Association to compile, edit and publish The Handbook of Texas"--cover. 
630 0 0 |a Handbook of Texas. 
651 0 |a Texas  |x Historiography. 
710 2 |a Texas State Historical Association. 
730 0 |a Handbook of Texas. 
830 0 |a In Freedom's name. 
999 |a MARS 
999 f f |s 62b839b2-4899-375e-a04d-287f990e337d  |i f1ccd945-00bf-308e-90cd-cb8d9d746e7a  |t 0 
952 f f |p noncirc  |a Texas A&M University  |b College Station  |c Cushing Memorial Library & Archives  |d Cushing: Chapman Texas Collection (Does not check out)  |t 0  |e F386.5 .H86 1941  |f Vertical File  |h Library of Congress classification  |i unmediated -- volume  |m A14800322140 
998 f f |a F386.5 .H86 1941  |t 0  |l Cushing: Chapman Texas Collection (Does not check out)